[Event "Rated Blitz tournament 5STOhUuw"]
[Site "?"]
[Date "2021.07.27"]
[Round "?"]
[White "YSA_kbpl"]
[Black "Bis_Kecil_BKD"]
[Result "0-1"]
[WhiteElo "2410"]
[BlackElo "2529"]
[PlyCount "112"]
[EventDate "2021.??.??"]
[EventType "blitz"]

1. e4 e5 2. Nf3 d5 3. exd5 e4 4. Ne5 Qxd5 5. d4 exd3 6. Nxd3 Nf6 7. Nc3 Qd6 8.
Nb5 Qd8 9. Bf4 Nd5 10. Qe2+ Be7 11. O-O-O a6 12. Nxc7+ Nxc7 13. Nc5 Nd5 14. c4
O-O 15. Rxd5 Qe8 16. Bxb8 Rxb8 17. Re5 Qc6 18. Rxe7 Qxc5 19. Qe3 Qa5 20. Qe5
Qxa2 21. Bd3 Qa1+ 22. Bb1 Be6 23. Rd1 Rbc8 24. Rxe6 fxe6 25. Qxe6+ Kh8 26. Qe4
g6 27. Qe5+ Kg8 28. Qe6+ Kh8 29. Qe5+ Kg8 30. Qe6+ Rf7 31. Qxc8+ Kg7 32. Qe6
Qa5 33. Qd5 Qc7 34. Qd4+ Kh6 35. Rd3 Qf4+ 36. Qxf4+ Rxf4 37. Rh3+ Kg7 38. Rf3
Rxc4+ 39. Bc2 Rc7 40. Rc3 Re7 41. f3 Rd7 42. Rd3 Re7 43. Ba4 Re1+ 44. Rd1 Re5
45. Rd7+ Kh6 46. Rxb7 Rc5+ 47. Kd2 Ra5 48. Bc2 Rd5+ 49. Kc1 Rc5 50. Rb3 Re5 51.
Rc3 Re1+ 52. Kd2 Rg1 53. g4 Rd1+ 54. Ke3 Rd7 55. Rc7 Rxc7 56. h4 Re7+ {Time
forfeit} 0-1

[Event "Rated Blitz game"]
[Site "?"]
[Date "2021.07.27"]
[Round "?"]
[White "kambizbarati"]
[Black "Schachelite"]
[Result "0-1"]
[WhiteElo "2440"]
[BlackElo "2509"]
[PlyCount "104"]
[EventDate "2021.??.??"]
[EventType "blitz"]

1. e4 e5 2. Nf3 d5 3. exd5 e4 4. Ng1 Qxd5 5. d3 Nf6 6. dxe4 Qxd1+ 7. Kxd1 Nxe4
8. Be3 Nc6 9. Nd2 Nxd2 10. Kxd2 Be6 11. c3 O-O-O+ 12. Kc1 Ne5 13. Nf3 Ng4 14.
Be2 Nxe3 15. fxe3 Bd5 16. Rd1 Bc5 17. Nd4 Bxg2 18. Rg1 Be4 19. Rxg7 Bg6 20. b4
Bf8 21. Rxg6 hxg6 22. h3 f5 23. Bf1 Bh6 24. Kd2 Rhe8 25. Bc4 Rxe3 26. Kc2 Rxh3
27. Rg1 Be3 28. Rxg6 Bxd4 29. cxd4 Rxd4 30. Be6+ Kd8 31. Bxf5 Rf3 32. Be6 Rxb4
33. Bb3 a5 34. Rg8+ Ke7 35. Ra8 b6 36. Ra7 Kd6 37. Ra8 Kc5 38. Rc8 c6 39. Ra8
b5 40. Rh8 a4 41. Be6 Re4 42. Bh3 Re2+ 43. Kd1 Rxa2 44. Rh5+ Kb6 45. Rh6 Rh2
46. Ke1 Rfxh3 47. Rd6 Ra3 48. Rd1 Raa2 49. Rd2 Raxd2 50. Kf1 Ra2 51. Kg1 Rhb2
52. Kh1 Ra1# {Normal} 0-1

[Event "Rated Blitz game"]
[Site "?"]
[Date "2021.07.27"]
[Round "?"]
[White "maristenli"]
[Black "blastol"]
[Result "0-1"]
[WhiteElo "2360"]
[BlackElo "2452"]
[PlyCount "26"]
[EventDate "2021.??.??"]
[EventType "blitz"]

1. e4 e5 2. Nf3 d5 3. d3 Bd6 4. Nbd2 f5 5. exd5 Nf6 6. c4 O-O 7. Qc2 Qe8 8. Be2
e4 9. dxe4 fxe4 10. Nd4 Na6 11. a3 Nc5 12. O-O Qe5 13. b4 Qxh2# {Normal} 0-1

[Event "Rated Blitz game"]
[Site "?"]
[Date "2021.07.26"]
[Round "?"]
[White "KadirSoria"]
[Black "rofaidah"]
[Result "0-1"]
[WhiteElo "2428"]
[BlackElo "2451"]
[PlyCount "64"]
[EventDate "2021.??.??"]
[EventType "blitz"]

1. e4 e5 2. Nf3 d5 3. exd5 e4 4. Qe2 Nf6 5. d3 Bf5 6. Nc3 Bb4 7. Bd2 Bxc3 8.
Bxc3 O-O 9. Bxf6 exf3 10. Bxd8 fxe2 11. Bxc7 exf1=Q+ 12. Rxf1 Re8+ 13. Kd2 Nd7
14. Rae1 f6 15. f3 Kf7 16. g4 Bg6 17. c4 Rxe1 18. Rxe1 Re8 19. Rxe8 Kxe8 20. b4
Ne5 21. Ke3 Nxd3 22. b5 Ne5 23. Bxe5 fxe5 24. h4 h6 25. f4 exf4+ 26. Kxf4 Bd3
27. Ke5 Bxc4 28. a4 Kd7 29. g5 hxg5 30. hxg5 Bd3 31. d6 b6 32. Kd5 Bc2 {Normal}
0-1

[Event "Rated Blitz game"]
[Site "?"]
[Date "2021.07.26"]
[Round "?"]
[White "Yeron"]
[Black "blastol"]
[Result "1-0"]
[WhiteElo "2467"]
[BlackElo "2415"]
[PlyCount "71"]
[EventDate "2021.??.??"]
[EventType "blitz"]

1. e4 e5 2. Nf3 d5 3. d4 dxe4 4. Nxe5 Bd6 5. Nc4 h6 6. Be2 Nf6 7. Nxd6+ Qxd6 8.
c4 Nc6 9. Be3 O-O 10. Nc3 a6 11. O-O Rd8 12. Qc2 Bf5 13. Rfd1 Re8 14. a3 Ng4
15. Nd5 Nxe3 16. fxe3 Ne7 17. Nxe7+ Rxe7 18. c5 Qg6 19. d5 Qg5 20. Qc3 Rd8 21.
Bf1 Bg4 22. d6 cxd6 23. Rxd6 Rde8 24. Rc1 Re6 25. Qd4 Rg6 26. Rc2 Bf3 27. b4
Ree6 28. Kh1 Qh4 29. Rxe6 Qe1 30. Re8+ Kh7 31. Kg1 Rf6 32. Qd2 Qa1 33. Rc1 Qxa3
34. gxf3 exf3 35. Qd3+ g6 36. Qxa3 {Normal} 1-0

[Event "Rated Blitz tournament GdgEPcaC"]
[Site "?"]
[Date "2021.07.26"]
[Round "?"]
[White "anton16072001"]
[Black "Fantastic_power06"]
[Result "1-0"]
[WhiteElo "2428"]
[BlackElo "2723"]
[PlyCount "51"]
[EventDate "2021.??.??"]
[EventType "blitz"]

1. e4 e5 2. Nf3 d5 3. exd5 e4 4. Nd4 Qxd5 5. Ne2 Nf6 6. Nbc3 Qe5 7. Ng3 Nc6 8.
Be2 h5 9. d4 Nxd4 10. Be3 Nxe2 11. Ngxe2 Bg4 12. h3 Rd8 13. Bd4 Bxe2 14. Bxe5
Bxd1 15. Bxf6 gxf6 16. Rxd1 Rxd1+ 17. Kxd1 f5 18. Nd5 Bd6 19. Ke2 Kd7 20. Rd1
Ke6 21. g3 Be5 22. c3 c6 23. Ne3 Bf4 24. gxf4 Rg8 25. c4 h4 26. c5 {Normal} 1-0

[Event "Rated Blitz game"]
[Site "?"]
[Date "2021.07.26"]
[Round "?"]
[White "Bolga123"]
[Black "Mettigel"]
[Result "1-0"]
[WhiteElo "2356"]
[BlackElo "2482"]
[PlyCount "79"]
[EventDate "2021.??.??"]
[EventType "blitz"]

1. e4 e5 2. Nf3 d5 3. Nxe5 Bd6 4. d4 dxe4 5. Nc4 Nf6 6. Nxd6+ cxd6 7. Be2 O-O
8. O-O h6 9. c4 Nc6 10. Nc3 Bf5 11. Be3 Re8 12. Qd2 Kh7 13. a3 a5 14. Rae1 Qd7
15. f3 Bg6 16. f4 Bf5 17. h3 h5 18. Qd1 Ne7 19. Bxh5 Nxh5 20. Qxh5+ Kg8 21. g4
Bg6 22. Qh4 f6 23. f5 Bf7 24. Nxe4 Bxc4 25. Nxf6+ gxf6 26. Qxf6 Nd5 27. Qg6+
Qg7 28. Rf3 Qxg6 29. fxg6 Nxe3 30. Rfxe3 Rxe3 31. Rxe3 Bd5 32. h4 Rc8 33. h5
Rc1+ 34. Kf2 Rc2+ 35. Kg3 Rxb2 36. Kh4 b5 37. Kg5 Rf2 38. h6 Rf8 39. h7+ Kh8
40. Kh6 {Normal} 1-0

[Event "Rated Blitz tournament GdgEPcaC"]
[Site "?"]
[Date "2021.07.26"]
[Round "?"]
[White "PendirCorek"]
[Black "vovaches"]
[Result "1-0"]
[WhiteElo "2243"]
[BlackElo "2590"]
[PlyCount "135"]
[EventDate "2021.??.??"]
[EventType "blitz"]

1. e4 e5 2. Nf3 d5 3. Nxe5 Bd6 4. Nxf7 Kxf7 5. Qh5+ Kf8 6. e5 Be7 7. d4 Be6 8.
Nc3 c6 9. Bd3 Qe8 10. Qf3+ Qf7 11. Qg3 Bf5 12. Ne2 Nh6 13. Bxh6 gxh6 14. Bxf5
Qxf5 15. Qb3 b5 16. O-O-O Nd7 17. Ng3 Qf4+ 18. Kb1 Nb6 19. Qc3 Rc8 20. Nh5 Qf5
21. Ng3 Qe6 22. f4 c5 23. f5 Qc6 24. f6 Bd8 25. Rhf1 cxd4 26. Qd2 Nc4 27. Qxh6+
Ke8 28. f7+ Kd7 29. f8=Q Rxf8 30. Qxf8 Kc7 31. Ne2 Ne3 32. Nxd4 Qb6 33. e6 Nxf1
34. Qxf1 Kb8 35. Qf7 Qc7 36. a3 a6 37. Rf1 Be7 38. Qxh7 Kb7 39. Rf7 Re8 40. Nf5
Qe5 41. Rxe7+ Rxe7 42. Qxe7+ Kb6 43. Qd8+ Kc6 44. Qc8+ Kb6 45. Qc3 Qxf5 46. Qd2
Qxe6 47. c3 Qe4+ 48. Kc1 Qe6 49. Qd4+ Kc6 50. Qd2 Qe4 51. Kd1 Qg4+ 52. Kc1 Qe4
53. Kd1 Qc4 54. Ke1 Qb3 55. Qe3 Qc4 56. Kf2 Qc5 57. Ke2 Qd6 58. Kf2 Qe6 59. Kf3
Qf6+ 60. Ke2 Qe5 61. Kf3 Qd6 62. Ke2 d4 63. Kf3 d3 64. Kf2 Qd5 65. Ke1 d2+ 66.
Kf2 Qc4 67. Kf3 Qc5 68. Kg4 {Time forfeit} 1-0

[Event "Rated Blitz game"]
[Site "?"]
[Date "2021.07.26"]
[Round "?"]
[White "alidomat"]
[Black "KamranShirazi"]
[Result "1-0"]
[WhiteElo "2441"]
[BlackElo "2517"]
[PlyCount "49"]
[EventDate "2021.??.??"]
[EventType "blitz"]

1. e4 e5 2. Nf3 d5 3. Nxe5 Bd6 4. d4 dxe4 5. Nc4 f5 6. Nc3 Nf6 7. Bg5 h6 8.
Bxf6 Qxf6 9. Nxd6+ cxd6 10. Bb5+ Nd7 11. Nd5 Qf7 12. Nc7+ Kd8 13. Nxa8 Nf6 14.
Qd2 b6 15. a4 Bb7 16. a5 a6 17. axb6 axb5 18. Ra7 Kc8 19. Qc3+ Qc4 20. Nc7 Kb8
21. Qa5 Qc6 22. O-O Rc8 23. Ra1 d5 24. Ra8+ Bxa8 25. Qa7# {Normal} 1-0

[Event "Rated Blitz game"]
[Site "?"]
[Date "2021.07.26"]
[Round "?"]
[White "Licenciadomate"]
[Black "LoruF"]
[Result "0-1"]
[WhiteElo "2497"]
[BlackElo "2401"]
[PlyCount "52"]
[EventDate "2021.??.??"]
[EventType "blitz"]

1. e4 e5 2. Nf3 d5 3. Nxe5 dxe4 4. d3 Nf6 5. Nc3 Bd6 6. Nc4 Bb4 7. Qe2 O-O 8.
Bg5 h6 9. Bxf6 Qxf6 10. Qd2 exd3 11. Bxd3 Re8+ 12. Kf1 Nc6 13. a3 Bxc3 14. bxc3
Bg4 15. h3 Bh5 16. a4 Rad8 17. Re1 Ne5 18. Nxe5 Rxe5 19. Rxe5 Qxe5 20. Bh7+
Kxh7 21. Qxd8 Qe2+ 22. Kg1 Qe1+ 23. Kh2 Qxf2 24. Qd3+ Bg6 25. Qf3 Qxc2 26. Qxb7
Be4 {Normal} 0-1

[Event "Rated Blitz tournament NbKvd56y"]
[Site "?"]
[Date "2021.07.26"]
[Round "?"]
[White "YT_BKD"]
[Black "Bis_Kecil_BKD"]
[Result "0-1"]
[WhiteElo "2606"]
[BlackElo "2513"]
[PlyCount "202"]
[EventDate "2021.??.??"]
[EventType "blitz"]

1. e4 e5 2. Nf3 d5 3. exd5 e4 4. Qe2 Nf6 5. Nc3 Be7 6. Nxe4 O-O 7. Nxf6+ Bxf6
8. d4 Qxd5 9. Be3 Bg4 10. c4 Bxf3 11. cxd5 Bxe2 12. Bxe2 Rd8 13. Rc1 c6 14. b4
cxd5 15. b5 Nd7 16. Rc7 b6 17. Bg4 Nf8 18. Ke2 a6 19. a4 axb5 20. axb5 Ra2+ 21.
Kf3 Ra3 22. Ke2 Rb3 23. Ra1 Rxb5 24. Raa7 Ne6 25. Rxf7 Rb2+ 26. Kd3 Re8 27.
Bxe6 Rxe6 28. Rfd7 Re8 29. Rxd5 Rc8 30. Rdd7 Rb3+ 31. Ke4 Re8+ 32. Kf4 h5 33.
h3 b5 34. g4 hxg4 35. hxg4 Rf8 36. Ke4 Re8+ 37. Kf5 Rf8 38. Kg6 Rb1 39. g5 Rg1
40. Bf4 Rg4 41. Kf5 Rxf4+ 42. Kxf4 Bxd4+ 43. Kg3 Bxf2+ 44. Kg4 Bxa7 45. Rxa7
Rb8 46. Kf5 b4 47. Ra2 b3 48. Rb2 Kf7 49. g6+ Ke7 50. Ke5 Rb5+ 51. Kd4 Kf6 52.
Kc3 Kxg6 53. Rg2+ Rg5 54. Re2 Rg3+ 55. Kb2 Kh5 56. Rh2+ Kg4 57. Rh7 g5 58. Rc7
Kh3 59. Rh7+ Kg2 60. Rg7 g4 61. Rg8 Kh2 62. Rh8+ Kg1 63. Rg8 Kg2 64. Rg7 Kf3
65. Rf7+ Ke4 66. Re7+ Kf5 67. Rf7+ Kg6 68. Rf8 Rf3 69. Rg8+ Kf5 70. Rf8+ Kg5
71. Rh8 Kf4 72. Rg8 Kg3 73. Kc1 Kh3 74. Kd2 g3 75. Rh8+ Kg2 76. Rg8 Rf2+ 77.
Ke3 b2 78. Rb8 Kf1 79. Rb7 Re2+ 80. Kf3 g2 81. Rg7 g1=Q 82. Rxg1+ Kxg1 83. Kxe2
b1=Q 84. Ke3 Qb6+ 85. Kf4 Kg2 86. Kg4 Qc7 87. Kf5 Kf2 88. Ke4 Qd7 89. Ke5 Ke2
90. Kf4 Kd3 91. Ke5 Qe8+ 92. Kf5 Kd4 93. Kg4 Qf8 94. Kg5 Ke5 95. Kg6 Ke4 96.
Kh5 Qf5+ 97. Kh6 Qe6+ 98. Kg7 Qf5 99. Kh6 Qg4 100. Kh7 Kf5 101. Kh8 Kf6 {Normal
} 0-1

[Event "Rated Blitz game"]
[Site "?"]
[Date "2021.07.26"]
[Round "?"]
[White "strong_play"]
[Black "Porgy"]
[Result "1-0"]
[WhiteElo "2390"]
[BlackElo "2434"]
[PlyCount "93"]
[EventDate "2021.??.??"]
[EventType "blitz"]

1. e4 e5 2. Nf3 d5 3. Nxe5 Bd6 4. d4 dxe4 5. Bc4 Bxe5 6. dxe5 Qxd1+ 7. Kxd1 Nc6
8. Bf4 Nge7 9. Nc3 Ng6 10. Bg3 Ncxe5 11. Bd5 Bg4+ 12. Ke1 f5 13. h3 Bh5 14.
Bxb7 Rb8 15. Bd5 Rxb2 16. Bb3 c5 17. Na4 Rxb3 18. axb3 f4 19. Bh2 O-O 20. Nxc5
e3 21. Rxa7 Nh4 22. Rg1 Rd8 23. Rxg7+ Kh8 24. Rg4 Bxg4 25. hxg4 Nef3+ 26. gxf3
Nxf3+ 27. Kf1 Nxg1 28. Bxg1 Rd1+ 29. Ke2 Rxg1 30. fxe3 fxe3 31. Kxe3 Rxg4 32.
Ne4 h5 33. Kf3 Kg7 34. b4 Kf7 35. b5 Ke6 36. b6 Rg8 37. c4 Rb8 38. c5 Kd7 39.
Kf4 Kc6 40. Ke5 h4 41. Kf4 Rg8 42. Nf2 Rf8+ 43. Ke3 Rf5 44. Ne4 Rxc5 45. Nxc5
Kxb6 46. Nd7+ Kc7 47. Ne5 {Time forfeit} 1-0

[Event "Rated Blitz game"]
[Site "?"]
[Date "2021.07.26"]
[Round "?"]
[White "Majasystem"]
[Black "mirekkk14"]
[Result "0-1"]
[WhiteElo "2466"]
[BlackElo "2423"]
[PlyCount "102"]
[EventDate "2021.??.??"]
[EventType "blitz"]

1. e4 e5 2. Nf3 d5 3. Nc3 dxe4 4. Nxe4 f5 5. Nc3 e4 6. Ng1 Nf6 7. d3 Bb4 8. Bd2
Nc6 9. dxe4 Bxc3 10. Bxc3 fxe4 11. Bc4 Qe7 12. Ne2 Bd7 13. O-O O-O-O 14. Ng3
Be6 15. Bxe6+ Qxe6 16. Qe2 Rhe8 17. Rad1 Rxd1 18. Rxd1 Rd8 19. Rxd8+ Nxd8 20.
Bxf6 gxf6 21. Qxe4 Qxa2 22. Qf5+ Kb8 23. Qxf6 Qb1+ 24. Nf1 Kc8 25. Qf5+ Kb8 26.
Qxh7 Qxb2 27. h4 a5 28. h5 a4 29. h6 a3 30. Qg7 Ka7 31. g4 Ne6 32. Qxb2 axb2
33. h7 b1=Q 34. h8=Q Qxc2 35. Qa1+ Kb8 36. Qe5 Qg6 37. Ne3 b6 38. f4 Qb1+ 39.
Kf2 Nc5 40. g5 Nd3+ 41. Kf3 Nxe5+ 42. fxe5 b5 43. e6 Kc8 44. Kf4 b4 45. Nd5 b3
46. e7 Kd7 47. Ke5 Qe1+ 48. Kf6 Qe6+ 49. Kg7 Qxd5 50. g6 Qf5 51. Kh8 Kxe7 {
Time forfeit} 0-1

[Event "Rated Blitz game"]
[Site "?"]
[Date "2021.07.26"]
[Round "?"]
[White "Pohvalit_Aleksandr"]
[Black "Dzon_Vejn"]
[Result "1-0"]
[WhiteElo "2458"]
[BlackElo "2471"]
[PlyCount "99"]
[EventDate "2021.??.??"]
[EventType "blitz"]

1. e4 e5 2. Nf3 d5 3. exd5 e4 4. Nd4 Qxd5 5. Nb3 Qe5 6. Nc3 Nc6 7. Bb5 Bd7 8.
Bxc6 Bxc6 9. O-O Bd6 10. g3 O-O-O 11. Re1 Nf6 12. d3 Bb4 13. Bd2 Rhe8 14. Nxe4
Bxd2 15. Nexd2 Qxb2 16. Rxe8 Rxe8 17. Nc4 Qc3 18. Ne3 b6 19. Qd2 Qe5 20. Re1 h5
21. Ng2 Qd5 22. Rxe8+ Nxe8 23. f4 Qf3 24. Nd4 Qd5 25. Nxc6 Qxc6 26. Qe2 Nf6 27.
c4 a5 28. Ne3 Qc5 29. Kg2 g6 30. Nc2 Qc6+ 31. Qf3 Qa4 32. Qa8+ Kd7 33. Nd4
Qxa2+ 34. Kf3 Qa1 35. Qc6+ Kc8 36. Qxf6 Qf1+ 37. Ke3 Qg1+ 38. Kd2 Qxh2+ 39. Kc3
Qxg3 40. Qxf7 Qe1+ 41. Kb3 Qb4+ 42. Kc2 Qe1 43. Ne6 Qe2+ 44. Kc3 Qe1+ 45. Kd4
Qa1+ 46. Kd5 Qh1+ 47. Ke5 Qa1+ 48. d4 Qe1+ 49. Kf6 Qe4 50. Qxc7# {Normal} 1-0

[Event "Rated Blitz game"]
[Site "?"]
[Date "2021.07.26"]
[Round "?"]
[White "Rabbitti"]
[Black "annaly1979"]
[Result "0-1"]
[WhiteElo "2486"]
[BlackElo "2388"]
[PlyCount "44"]
[EventDate "2021.??.??"]
[EventType "blitz"]

1. e4 e5 2. Nf3 d5 3. exd5 e4 4. Qe2 f5 5. d3 Nf6 6. Bg5 Be7 7. Nc3 exf3 8.
Qxf3 O-O 9. Bxf6 Bxf6 10. O-O-O Bxc3 11. bxc3 c6 12. dxc6 Nxc6 13. d4 Kh8 14.
Bc4 Na5 15. Bb3 Bd7 16. Rhe1 Bc6 17. Qh3 Qg5+ 18. Kb2 Rae8 19. f3 b5 20. d5 Bd7
21. g3 Nc4+ 22. Ka1 Qf6 {Normal} 0-1

[Event "Rated Blitz game"]
[Site "?"]
[Date "2021.07.26"]
[Round "?"]
[White "DrHotPotato"]
[Black "Fantastic_power06"]
[Result "1-0"]
[WhiteElo "2718"]
[BlackElo "2737"]
[PlyCount "33"]
[EventDate "2021.??.??"]
[EventType "blitz"]

1. e4 e5 2. Nf3 d5 3. exd5 e4 4. Qe2 Nf6 5. d3 Qxd5 6. dxe4 Qxe4 7. Bg5 Qxe2+
8. Bxe2 Be7 9. Nc3 c6 10. O-O-O O-O 11. Rhe1 h6 12. Bh4 Bg4 13. h3 Bh5 14. g4
Bg6 15. Ne5 Na6 16. Nxg6 fxg6 17. Bc4+ {Normal} 1-0

[Event "Rated Blitz tournament NbKvd56y"]
[Site "?"]
[Date "2021.07.26"]
[Round "?"]
[White "JG-Mawar11"]
[Black "Bis_Kecil_BKD"]
[Result "0-1"]
[WhiteElo "2310"]
[BlackElo "2498"]
[PlyCount "54"]
[EventDate "2021.??.??"]
[EventType "blitz"]

1. e4 e5 2. Nf3 d5 3. exd5 e4 4. Qe2 Nf6 5. d3 Qxd5 6. Nbd2 Bf5 7. Ng5 Bg4 8.
f3 Qxg5 9. Nxe4 Qe5 10. Nxf6+ gxf6 11. fxg4 Nc6 12. Bf4 Qxe2+ 13. Bxe2 Nd4 14.
Bd1 O-O-O 15. O-O Bc5 16. Kh1 h5 17. gxh5 Rdg8 18. c3 Ne6 19. Bd2 Bd6 20. d4
Ng5 21. Rxf6 Ne4 22. Be1 Nxf6 23. Bf3 Nxh5 24. Kg1 Nf4 25. Kf1 Rxh2 26. Rd1
Nxg2 27. Kf2 Nxe1+ {Normal} 0-1

[Event "Rated Blitz tournament GdgEPcaC"]
[Site "?"]
[Date "2021.07.26"]
[Round "?"]
[White "Shah-gulyi"]
[Black "Fantastic_power06"]
[Result "1-0"]
[WhiteElo "2420"]
[BlackElo "2703"]
[PlyCount "147"]
[EventDate "2021.??.??"]
[EventType "blitz"]

1. e4 e5 2. Nf3 d5 3. d4 dxe4 4. Nxe5 Bd6 5. Bc4 Bxe5 6. Qh5 Qe7 7. dxe5 Nc6 8.
Bf4 Be6 9. Bxe6 Qxe6 10. O-O Nge7 11. Nc3 Ng6 12. Bg3 O-O 13. Rfe1 Ngxe5 14.
Rxe4 f5 15. Rh4 Qg6 16. Bxe5 Qxh5 17. Rxh5 Nxe5 18. Nd5 g6 19. Rh3 c6 20. Nf4
Rad8 21. Ne6 Rd2 22. Nxf8 Kxf8 23. Rc1 Ng4 24. Rf3 Kf7 25. h3 Nf6 26. Rd3 Re2
27. Kf1 Re8 28. Re1 Ne4 29. f3 Ng3+ 30. Kf2 Rxe1 31. Kxe1 Ke7 32. Rb3 b6 33.
Ra3 a5 34. c3 Kd6 35. b4 axb4 36. cxb4 Nh5 37. Rd3+ Kc7 38. Re3 Nf4 39. Kf2 Nd5
40. Rb3 b5 41. g4 Kd6 42. gxf5 gxf5 43. Rb1 Ke5 44. a3 Kd4 45. Rc1 Nc3 46. Rg1
Kc4 47. Rg7 Nb1 48. Rc7 Nxa3 49. Rxc6+ Kxb4 50. Rf6 Kc4 51. Rxf5 b4 52. Rf4+
Kc3 53. Rf8 b3 54. Rb8 Nc2 55. f4 Nb4 56. Rc8+ Kd4 57. Rd8+ Ke4 58. Kg3 b2 59.
Re8+ Kd3 60. Re1 Kd2 61. Rf1 Kc2 62. f5 Nd5 63. Rf2+ Kc3 64. Rf3+ Kc4 65. Rf1
Kc3 66. Rf3+ Kc2 67. Rf1 Kb3 68. Kg4 Nf6+ 69. Kg5 Ne4+ 70. Kh6 Nd2 71. Rd1 b1=Q
72. Rxb1+ Nxb1 73. f6 Nc3 74. f7 {Time forfeit} 1-0

[Event "Rated Blitz tournament NbKvd56y"]
[Site "?"]
[Date "2021.07.26"]
[Round "?"]
[White "kokoro_bkd"]
[Black "om_gendut"]
[Result "0-1"]
[WhiteElo "2316"]
[BlackElo "2434"]
[PlyCount "86"]
[EventDate "2021.??.??"]
[EventType "blitz"]

1. e4 e5 2. Nf3 d5 3. d4 dxe4 4. Nxe5 Bd6 5. f4 exf3 6. Nxf3 Nf6 7. Bd3 O-O 8.
O-O Bg4 9. h3 Bxf3 10. Qxf3 c6 11. Bg5 Nbd7 12. c4 Qb6 13. Qf2 c5 14. Nc3 cxd4
15. Nb5 Be5 16. Rae1 a6 17. Na3 Qd6 18. Qf5 g6 19. Qf3 Rae8 20. c5 Qxc5 21. Nc4
Nh5 22. Qxb7 Qc7 23. Qd5 Bh2+ 24. Kh1 Ng3+ 25. Kxh2 Nxf1+ 26. Kg1 Rxe1 27. Bxf1
Rfe8 28. Nd6 R8e6 29. Bf4 Qc5 30. Qa8+ Nf8 31. Bh6 d3+ 32. Kh2 Qxd6+ 33. g3 d2
34. Bxf8 Qxf8 35. Qd5 Rd6 36. Qg2 d1=Q 37. h4 Rd2 38. Kh3 Rxg2 39. Bxg2 Rh1+
40. Bxh1 Qxh1+ 41. Kg4 Qc8+ 42. Kg5 Qf5+ 43. Kh6 Qh5# {Normal} 0-1

[Event "Rated Blitz game"]
[Site "?"]
[Date "2021.07.26"]
[Round "?"]
[White "aleksej1"]
[Black "Schachelite"]
[Result "0-1"]
[WhiteElo "2468"]
[BlackElo "2503"]
[PlyCount "96"]
[EventDate "2021.??.??"]
[EventType "blitz"]

1. e4 e5 2. Nf3 d5 3. Nxe5 Bd6 4. d4 dxe4 5. Be2 Nf6 6. O-O O-O 7. Bf4 Qe7 8.
Bg3 Nbd7 9. Nxd7 Bxd7 10. Bxd6 cxd6 11. c4 d5 12. c5 b6 13. cxb6 axb6 14. Nc3
Qd6 15. h3 Ne8 16. f3 f5 17. fxe4 dxe4 18. Bc4+ Kh8 19. Qb3 Nf6 20. Rad1 f4 21.
Bd5 Rae8 22. Rfe1 e3 23. Bf3 h6 24. a3 Nh7 25. Nd5 Be6 26. Qxb6 Qd7 27. Nc7
Bxh3 28. Nxe8 Rxe8 29. Qc6 Qe7 30. d5 Bd7 31. d6 Qf7 32. Qd5 Qg6 33. Rc1 Ng5
34. Rc7 Nxf3+ 35. Qxf3 Qxd6 36. Rc4 Rf8 37. Rd1 Qe7 38. Re4 Qf7 39. Red4 Be6
40. Rf1 g5 41. Qe4 Qf5 42. Qxf5 Bxf5 43. Rc1 Bg4 44. b4 e2 45. Re1 Re8 46. Kf2
Kg7 47. Rd7+ Bxd7 48. Rxe2 Rxe2+ {Time forfeit} 0-1

[Event "Rated Blitz game"]
[Site "?"]
[Date "2021.07.26"]
[Round "?"]
[White "KadirSoria"]
[Black "rofaidah"]
[Result "1/2-1/2"]
[WhiteElo "2418"]
[BlackElo "2462"]
[PlyCount "117"]
[EventDate "2021.??.??"]
[EventType "blitz"]

1. e4 e5 2. Nf3 d5 3. exd5 e4 4. Qe2 Nf6 5. d3 Bf5 6. dxe4 Bxe4 7. Nfd2 Qe7 8.
Nxe4 Qxe4 9. Nc3 Bb4 10. Bd2 Bxc3 11. Bxc3 Nbd7 12. O-O-O O-O 13. Qxe4 Nxe4 14.
Bd4 a6 15. f3 Nd6 16. c4 b6 17. Bd3 a5 18. b3 Nc5 19. Bxc5 bxc5 20. Rhe1 a4 21.
Re7 axb3 22. axb3 Rfc8 23. Kb2 Kf8 24. Ree1 Ra7 25. Ra1 Rca8 26. Rxa7 Rxa7 27.
Ra1 Rxa1 28. Kxa1 h6 29. Kb2 Ke7 30. Kc3 Ne8 31. b4 Kd6 32. Bc2 Nf6 33. Bf5 g6
34. Bc8 Ng8 35. Ba6 Ne7 36. Bb5 f6 37. Be8 g5 38. g4 Nc8 39. bxc5+ Kxc5 40. Ba4
Nd6 41. Bb3 Nb7 42. Kd3 Kd6 43. Kd4 Nc5 44. Bc2 Nd7 45. Ke4 Ne5 46. Kf5 Nxf3
47. Kxf6 Nxh2 48. Bf5 Kc5 49. Kg6 Kxc4 50. Kxh6 Kxd5 51. Kxg5 c5 52. Kf4 Nxg4
53. Kxg4 Kd4 54. Kf4 c4 55. Bg6 c3 56. Bc2 Kc4 57. Ke3 Kb4 58. Kd3 Ka3 59. Kxc3
{Normal} 1/2-1/2

[Event "Rated Blitz game"]
[Site "?"]
[Date "2021.07.26"]
[Round "?"]
[White "Bruto130199"]
[Black "NooB_MasteR_69_chess"]
[Result "0-1"]
[WhiteElo "2385"]
[BlackElo "2649"]
[PlyCount "70"]
[EventDate "2021.??.??"]
[EventType "blitz"]

1. e4 e5 2. Nf3 d5 3. Bc4 dxc4 4. Nc3 Nc6 5. O-O Nf6 6. d3 cxd3 7. cxd3 Bc5 8.
Be3 Bxe3 9. fxe3 O-O 10. d4 exd4 11. exd4 Bg4 12. d5 Ne5 13. h3 Bxf3 14. gxf3
Re8 15. Kh2 Ng6 16. Rg1 Qd6+ 17. Kh1 c6 18. dxc6 Qxc6 19. Qe1 Rad8 20. Qg3 Nh5
21. Qg4 Nhf4 22. Rac1 h5 23. Qg5 Qe6 24. Rg3 Rc8 25. Rcg1 Nxh3 26. Qxh5 Nxg1
27. Rxg1 Qe5 28. Rg5 Qf4 29. Nd5 Rc1+ 30. Rg1 Rxg1+ 31. Kxg1 Qg3+ 32. Kh1 Nf4
33. Qh2 Qxh2+ 34. Kxh2 Nxd5 35. exd5 Re2+ {Normal} 0-1

[Event "Rated Blitz game"]
[Site "?"]
[Date "2021.07.26"]
[Round "?"]
[White "Sailor7"]
[Black "blastol"]
[Result "1-0"]
[WhiteElo "2282"]
[BlackElo "2416"]
[PlyCount "95"]
[EventDate "2021.??.??"]
[EventType "blitz"]

1. e4 e5 2. Nf3 d5 3. Nxe5 Bd6 4. d4 dxe4 5. Nc3 Nf6 6. Be2 O-O 7. O-O Nbd7 8.
Nc4 h6 9. Nxd6 cxd6 10. d5 Ne5 11. Bf4 Ng6 12. Bg3 a6 13. Qd4 Bf5 14. Rfe1 Qd7
15. Nd1 h5 16. Ne3 h4 17. Nxf5 Qxf5 18. Bxd6 Rfd8 19. Ba3 Nxd5 20. Rad1 Ndf4
21. Qe3 Re8 22. Bf1 Rac8 23. c4 Qg4 24. Kh1 f5 25. Rd7 Ne5 26. Rd4 Ned3 27. h3
Qg6 28. Rd1 Qh5 29. Rd2 Rc6 30. b3 Rg6 31. R2xd3 Nxd3 32. Bxd3 Qd1+ 33. Kh2 f4
34. Bxe4 fxe3 35. Bd5+ Kh8 36. Rxd1 exf2 37. Rf1 Rf6 38. Bc5 Re2 39. Bxb7 Rxa2
40. b4 Rc2 41. Bd5 Kh7 42. Bd4 Rf4 43. g3 Rxd4 44. gxh4 Rxh4 45. Kg2 Rd4 46.
Kf3 Rd3+ 47. Kg2 Rb3 48. Be4+ {Time forfeit} 1-0

[Event "Rated Blitz game"]
[Site "?"]
[Date "2021.07.26"]
[Round "?"]
[White "ARDosina"]
[Black "RiskyBlitzer"]
[Result "0-1"]
[WhiteElo "2351"]
[BlackElo "2516"]
[PlyCount "108"]
[EventDate "2021.??.??"]
[EventType "blitz"]

1. e4 e5 2. Nf3 d5 3. Nxe5 dxe4 4. d4 Bd6 5. Nc3 Bxe5 6. dxe5 Qxd1+ 7. Kxd1 Bf5
8. Bf4 Nc6 9. Bb5 O-O-O+ 10. Kc1 Nge7 11. Bxc6 Nxc6 12. Re1 Rhe8 13. Nxe4 Rd4
14. f3 Bxe4 15. Rxe4 Rxe4 16. fxe4 Nxe5 17. Kd2 Ng6 18. Bg3 Rxe4 19. Rf1 f6 20.
Rf3 c6 21. Ra3 a6 22. Rd3 Re7 23. Rf3 Rd7+ 24. Ke2 Ne7 25. c4 Ng6 26. Re3 Re7
27. Bd6 Rxe3+ 28. Kxe3 Kd7 29. c5 Ke6 30. Kd4 Nh4 31. g4 f5 32. h3 fxg4 33.
hxg4 Nf3+ 34. Ke4 Ng5+ 35. Kf4 Nf7 36. Bc7 g6 37. Ke4 h5 38. gxh5 gxh5 39. b4
Nh6 40. Kf4 Nf5 41. Bd8 h4 42. Kg4 Ne3+ 43. Kxh4 Nc2 44. Ba5 Kd5 45. Kg4 Kc4
46. Kf5 Nxb4 47. Bb6 Nd3 48. Ke6 Nxc5+ 49. Kd6 Na4 50. Be3 c5 51. Kc7 b5 52.
Kb7 Nc3 53. a3 a5 54. Ka6 b4 {Normal} 0-1

[Event "Rated Blitz game"]
[Site "?"]
[Date "2021.07.26"]
[Round "?"]
[White "Jjvito25"]
[Black "pasha1984"]
[Result "1-0"]
[WhiteElo "2428"]
[BlackElo "2397"]
[PlyCount "74"]
[EventDate "2021.??.??"]
[EventType "blitz"]

1. e4 e5 2. Nf3 d5 3. Nxe5 dxe4 4. d4 Bd6 5. Nc4 Nc6 6. Be3 Nf6 7. Be2 Be7 8.
Nbd2 O-O 9. O-O Bf5 10. h3 Nd5 11. Bg4 Nxe3 12. fxe3 Bg6 13. Bh5 Bxh5 14. Qxh5
Nxd4 15. exd4 Qxd4+ 16. Kh1 e3 17. c3 Qd3 18. Rf3 g6 19. Qg4 f5 20. Qg3 f4 21.
Qg4 Qf5 22. Qxf5 Rxf5 23. Ne4 Rd8 24. Re1 g5 25. Nxe3 Ra5 26. Nc4 Rxa2 27. h4
h6 28. hxg5 hxg5 29. Ng3 Kf7 30. Nf5 Rh8+ 31. Kg1 Bc5+ 32. Nd4 b5 33. Ne5+ Kf6
34. Nd7+ Kg6 35. Nxc5 g4 36. Rxf4 Rxb2 37. Rxg4+ Kh5 {Normal} 1-0